Gramática y textos árabes elementales /

Guardado en:
Detalles Bibliográficos
Autor principal: Corriente Córdoba, Federico (autor)
Formato: Libro
Idioma:Español
Publicado: Madrid, España : Hiperión, 1990, c1990
Colección:(Libros Hiperión. Serie Mayor)
Temas:
Etiquetas: Agrega una etiqueta
Sin etiquetas, Sé el primero en etiquetar este registro!

MARC

LEADER 00000nam^a2200000^a^4500
001 000154790
005 20250521000000.0
009 20260310100405.087
020 |a 84-7517-304-7 
037 |a Acervo ITESO - Biblioteca 
041 |a ESP 
082 |a 492. 7  |b COR 
100 |a Corriente Córdoba, Federico  |e (autor) 
245 1 0 |a Gramática y textos árabes elementales /  |c F. Corriente Córdoba. 
264 4 |a Madrid, España :  |b Hiperión,  |c 1990, c1990 
300 |a 175 p. 
336 |a texto  |b txt  |2 rdacontenido 
337 |a sin mediación  |b n  |2 rdamedio 
338 |a volumen  |b nc  |2 rdasoporte 
440 1 |a (Libros Hiperión.  |p Serie Mayor) 
546 |a Edición bilingüe español-árabe 
649 |a XX 
650 |a Arabe -  |x Tema Principal 
650 |a Lenguas Semíticas 
650 |a Lenguas Camitosemíticas 
650 |a Lenguas 
650 |a Gramática 
650 |a Lingüística 
910 |a Fondo General 
920 |a Impresos - Libros 
930 |a Colección General 
905 |a 101 
901 |a 0500086246  |b IT1  |c ACC  |u 20250521 
902 |a https://opac.biblio.iteso.mx/vufind/Record/000154790